[Event "Memorijal Danilo - Dajo Batricevic"]
[Site "Cetinje"]
[Date "2009.08.17"]
[Round "9.8"]
[White "Batricevic, Sasa"]
[Black "Rajkovic, Dusan"]
[Result "1/2-1/2"]
[WhiteElo "2287"]
[BlackElo "2477"]
[PlyCount "113"]
[EventDate "2009.08.09"]
[EventRounds "9"]

1. e4 c5 2. Nf3 e6 3. d4 cxd4 4. Nxd4 Nc6 5. Nc3 Qc7 6. Be3 a6 7. Qe2 Bb4 8.
O-O-O Nf6 9. f3 O-O 10. Nb3 b5 11. Qe1 d5 12. Bg5 dxe4 13. Bxf6 Qf4+ 14. Kb1
gxf6 15. Qxe4 Qxe4 16. Nxe4 Be7 17. Be2 Rd8 18. Rxd8+ Nxd8 19. Rd1 Ra7 20. c4
bxc4 21. Bxc4 f5 22. Nec5 Nc6 23. f4 Kg7 24. Rd3 h5 25. Rg3+ Kf8 26. Be2 h4 27.
Rc3 Nb8 28. Na5 Bd6 29. g3 Ke8 30. b4 Rc7 31. Nc4 Bxc5 32. bxc5 Ke7 33. Nd6
hxg3 34. hxg3 Bd7 35. Rb3 Bb5 36. Bxb5 axb5 37. Rxb5 Nd7 38. Nb7 Nf6 39. a4 Ne4
40. Kb2 Nxg3 41. a5 e5 42. a6 Rc8 43. fxe5 f4 44. Rb6 Ra8 45. Rf6 Nh5 46. Rh6
Ng7 47. Nd6 Ne6 48. a7 Nxc5 49. Rf6 Nd3+ 50. Kc3 Nxe5 51. Rh6 f3 52. Kd2 Ng4
53. Nf5+ Kd7 54. Ra6 Kc7 55. Ra4 Ne5 56. Nd4 Kb6 57. Ke3 1/2-1/2

[Event "Memorijal Danilo - Dajo Batricevic"]
[Site "Cetinje"]
[Date "2009.08.17"]
[Round "9.9"]
[White "Vucinic, Pero"]
[Black "Stojanovic, Dalibor"]
[Result "0-1"]
[WhiteElo "2226"]
[BlackElo "2471"]
[PlyCount "82"]
[EventDate "2009.08.09"]
[EventRounds "9"]

1. e4 g6 2. d4 Bg7 3. c3 d6 4. f4 Nf6 5. Bd3 e5 6. Nf3 Bg4 7. Be3 O-O 8. O-O
exf4 9. Bxf4 c5 10. d5 c4 11. Bxc4 Nxe4 12. Qc2 Bxf3 13. Rxf3 f5 14. Bd3 Nd7
15. Na3 Ndc5 16. Be3 Rc8 17. Nb5 a6 18. Nd4 Qd7 19. Raf1 Rfe8 20. Rh3 Qf7 21.
g4 Bxd4 22. Bxd4 Ng5 23. Rg3 f4 24. h4 Nge4 25. Rgf3 Qxd5 26. Bxc5 Qxc5+ 27.
Kg2 Qd5 28. c4 Qc6 29. Bxe4 Rxe4 30. b3 b5 31. Kg1 Rf8 32. Rc1 bxc4 33. bxc4
Qc5+ 34. Kg2 Qe5 35. Qd3 Re2+ 36. Kg1 Qb2 37. Qd5+ Kh8 38. Rfc3 f3 39. Qd4+ Kg8
40. Qd5+ Rf7 41. Qxd6 Re1+ 0-1

[Event "Memorijal Danilo - Dajo Batricevic"]
[Site "Cetinje"]
[Date "2009.08.17"]
[Round "9.10"]
[White "Bogut, Zeljko"]
[Black "Dabetic, Radojica"]
[Result "1-0"]
[WhiteElo "2451"]
[BlackElo "2340"]
[PlyCount "69"]
[EventDate "2009.08.09"]
[EventRounds "9"]

1. e4 c5 2. Nc3 Nc6 3. Bb5 d6 4. d4 cxd4 5. Qxd4 Bd7 6. Bxc6 Bxc6 7. Bg5 Nf6 8.
O-O-O e6 9. Nf3 Be7 10. Rhe1 O-O 11. Qd3 Qa5 12. Kb1 Rfc8 13. h4 b5 14. Nd4 b4
15. Nxc6 Rxc6 16. Ne2 Rac8 17. Nd4 Rc4 18. b3 R4c5 19. f3 Qc7 20. Re2 Qb8 21.
g4 a5 22. Qa6 Bf8 23. Bxf6 gxf6 24. f4 d5 25. e5 fxe5 26. fxe5 Bg7 27. Rde1
R8c7 28. g5 Ra7 29. Qd3 Rc3 30. Qd2 Rac7 31. h5 Rg3 32. Qf4 Rcc3 33. Rf1 Qe8
34. h6 Bf8 35. Ref2 1-0

[Event "Memorijal Danilo - Dajo Batricevic"]
[Site "Cetinje"]
[Date "2009.08.17"]
[Round "9.11"]
[White "Kadric, Denis"]
[Black "Kalezic, Blazo"]
[Result "1/2-1/2"]
[WhiteElo "2156"]
[BlackElo "2445"]
[PlyCount "73"]
[EventDate "2009.08.09"]
[EventRounds "9"]

1. e4 e6 2. d4 d5 3. e5 c5 4. c3 Nc6 5. Nf3 Bd7 6. Bd3 Qb6 7. O-O cxd4 8. cxd4
Nxd4 9. Nbd2 Nc6 10. Nb3 Nge7 11. Be3 Qc7 12. Rc1 Ng6 13. Nc5 Bxc5 14. Bxc5
Ngxe5 15. Nxe5 Qxe5 16. Qb3 f6 17. Rfe1 Qc7 18. Qxd5 Ne5 19. Qd4 Nxd3 20. Qxd3
Rc8 21. Rc3 Qd8 22. Ba3 Kf7 23. Qe4 Rxc3 24. bxc3 Qc7 25. Rd1 Bc6 26. Qd4 Re8
27. Qxa7 Qf4 28. Qd4 Qg5 29. f3 Ra8 30. Bc1 Qf5 31. a3 Ra4 32. Qd3 Qc5+ 33. Be3
Qh5 34. Qd8 Kg6 35. Qd3+ Qf5 36. Qxf5+ Kxf5 37. Bc5 1/2-1/2

[Event "Memorijal Danilo - Dajo Batricevic"]
[Site "Cetinje"]
[Date "2009.08.17"]
[Round "9.12"]
[White "Krivokapic, Marko"]
[Black "Popovic, Mladen"]
[Result "1-0"]
[WhiteElo "2416"]
[BlackElo "2190"]
[PlyCount "81"]
[EventDate "2009.08.09"]
[EventRounds "9"]

1. e4 e6 2. d4 d5 3. Nd2 Nf6 4. Bd3 c5 5. e5 Nfd7 6. c3 Nc6 7. Ne2 cxd4 8. cxd4
Qb6 9. Nf3 Bb4+ 10. Bd2 Bxd2+ 11. Qxd2 Qb4 12. Rc1 Qxd2+ 13. Kxd2 Nb6 14. b3
Bd7 15. Nf4 O-O 16. h4 f6 17. exf6 gxf6 18. Rc5 Rae8 19. Re1 Nc8 20. Re3 Nd6
21. Bb1 Rf7 22. g3 b6 23. Rc1 Nb5 24. Nxe6 Rxe6 25. Rxe6 Bxe6 26. Rxc6 Bg4 27.
Bd3 Nc7 28. Ne1 Kg7 29. Nc2 Bc8 30. Ne3 Be6 31. Ng2 Re7 32. Nf4 Bf7 33. Bf5 Nb5
34. Ne6+ Bxe6 35. Rxe6 Rc7 36. Bd3 Kf7 37. Re3 Nxd4 38. Bxh7 Ne6 39. Bg8+ Kxg8
40. Rxe6 Kf7 41. Rd6 1-0

[Event "Memorijal Danilo - Dajo Batricevic"]
[Site "Cetinje"]
[Date "2009.08.17"]
[Round "9.13"]
[White "Kontic, Djordjije"]
[Black "Durutovic, Dragutin"]
[Result "1-0"]
[WhiteElo "2364"]
[BlackElo "2116"]
[PlyCount "57"]
[EventDate "2009.08.09"]
[EventRounds "9"]

1. e4 e5 2. Nc3 Nc6 3. f4 Bc5 4. Nf3 d6 5. Bb5 Nge7 6. d4 exd4 7. Nxd4 O-O 8.
Be3 Bb4 9. O-O Bxc3 10. bxc3 d5 11. e5 Nxd4 12. cxd4 c6 13. Bd3 Bf5 14. g4 Bxd3
15. Qxd3 f5 16. exf6 Rxf6 17. f5 Qd7 18. Rae1 Raf8 19. Bg5 R6f7 20. Re5 Nc8 21.
Rfe1 Nd6 22. Re7 Qc8 23. R1e6 Ne4 24. Bh4 g6 25. Qe3 gxf5 26. Qh6 fxg4 27. Rxe4
Qf5 28. Rxf7 Qxf7 29. Qg5+ 1-0

[Event "Memorijal Danilo - Dajo Batricevic"]
[Site "Cetinje"]
[Date "2009.08.17"]
[Round "9.14"]
[White "Boshku, Harallamb"]
[Black "Vujacic, Borivoje"]
[Result "1/2-1/2"]
[WhiteElo "2309"]
[BlackElo "2315"]
[PlyCount "109"]
[EventDate "2009.08.09"]
[EventRounds "9"]

1. Nf3 Nf6 2. c4 g6 3. Nc3 c5 4. d4 cxd4 5. Nxd4 Nc6 6. e4 Nxd4 7. Qxd4 d6 8.
Bg5 Bg7 9. Qd2 O-O 10. f3 Be6 11. Rc1 Qa5 12. b3 Rfc8 13. Nd5 Qxd2+ 14. Kxd2
Nxd5 15. exd5 Bd7 16. Bd3 Re8 17. Rhe1 Kf8 18. h4 a5 19. a4 Bd4 20. Be3 Bxe3+
21. Rxe3 Rac8 22. h5 Kg7 23. hxg6 hxg6 24. Rh1 e6 25. dxe6 Bxe6 26. Be4 b6 27.
Rd3 Rcd8 28. Kc3 Kf6 29. Bc6 Re7 30. Rhd1 Rc7 31. Bd5 Rc5 32. Bxe6 Kxe6 33. Rd5
Rxd5 34. Rxd5 Kd7 35. b4 axb4+ 36. Kxb4 Kc6 37. a5 bxa5+ 38. Rxa5 Rb8+ 39. Kc3
Kd7 40. Ra2 Ke6 41. Re2+ Kd7 42. g4 Rb1 43. Re4 Rf1 44. Rf4 f5 45. Kd4 Ke6 46.
gxf5+ gxf5 47. Ke3 Ke5 48. Rh4 Re1+ 49. Kd3 Rd1+ 50. Ke3 Re1+ 51. Kd3 f4 52.
Rh5+ Ke6 53. Kd4 Re3 54. c5 dxc5+ 55. Rxc5 1/2-1/2

[Event "Memorijal Danilo - Dajo Batricevic"]
[Site "Cetinje"]
[Date "2009.08.17"]
[Round "9.15"]
[White "Vulevic, Vjekoslav"]
[Black "Draskovic, Luka"]
[Result "1/2-1/2"]
[WhiteElo "2315"]
[BlackElo "2079"]
[PlyCount "70"]
[EventDate "2009.08.09"]
[EventRounds "9"]

1. e4 c5 2. Nf3 d6 3. Nc3 Nf6 4. g3 g6 5. Bg2 Bg7 6. O-O Nc6 7. d3 O-O 8. Bd2
Rb8 9. a3 Bd7 10. Rb1 Qc8 11. b4 Bh3 12. Ne2 Bxg2 13. Kxg2 b6 14. Re1 Re8 15.
b5 Nd8 16. c4 Nd7 17. Bc3 Ne5 18. Nfg1 Ne6 19. h3 f5 20. f4 Nf7 21. Bxg7 Nxg7
22. Nf3 Qb7 23. Nc3 e6 24. a4 Rbd8 25. Kh2 Nh5 26. Rb2 Nf6 27. Rbe2 Qa8 28. d4
Kf8 29. Qd3 Qc8 30. exf5 exf5 31. Ng5 Rxe2+ 32. Rxe2 Re8 33. dxc5 dxc5 34. Nxf7
Rxe2+ 35. Qxe2 Kxf7 1/2-1/2

[Event "Memorijal Danilo - Dajo Batricevic"]
[Site "Cetinje"]
[Date "2009.08.17"]
[Round "9.18"]
[White "Paulet, Iozefina"]
[Black "Bajkovic, Nikola"]
[Result "1-0"]
[WhiteElo "2327"]
[BlackElo "2143"]
[PlyCount "145"]
[EventDate "2009.08.09"]
[EventRounds "9"]

1. e4 c5 2. Nf3 d6 3. d4 cxd4 4. Nxd4 Nf6 5. Nc3 a6 6. Bc4 e6 7. Bb3 Nc6 8. Be3
Na5 9. Qe2 Nxb3 10. Nxb3 b5 11. O-O-O Qc7 12. f4 Bb7 13. Bd4 b4 14. e5 bxc3 15.
exf6 cxb2+ 16. Kb1 gxf6 17. Bxf6 Rg8 18. Rhg1 Bg7 19. Bxg7 Rxg7 20. g3 Kf8 21.
Rd4 a5 22. Rgd1 a4 23. Nd2 d5 24. Nf3 Ba6 25. Qd2 Bb7 26. f5 Kg8 27. f6 Rg6 28.
Nh4 Rxf6 29. Qg5+ Rg6 30. Nxg6 fxg6 31. Qg4 Re8 32. Rxa4 e5 33. Qb4 Qf7 34.
Qxb2 e4 35. Ra7 Re7 36. Qb4 Rc7 37. Qd4 Qe6 38. Rf1 Qc6 39. Rf2 Re7 40. Ra3 Ba6
41. Rf6 Qc4 42. Qxc4 Bxc4 43. Re3 Rb7+ 44. Ka1 Kg7 45. Rf2 Re7 46. c3 Ra7 47.
Kb1 Ra3 48. Rd2 Kf6 49. Ka1 Ke5 50. Kb1 g5 51. g4 Kf4 52. Rg3 h6 53. Rf2+ Ke5
54. Rh3 Kd6 55. Rxh6+ Kc5 56. Rc2 Ra7 57. Ka1 Re7 58. h4 e3 59. Rc1 e2 60. Re1
gxh4 61. Rxh4 Re4 62. Kb2 Bd3 63. Kc1 Ra4 64. Kd2 Bc4 65. Ra1 Ra6 66. Rhh1 Rf6
67. g5 Rg6 68. Rag1 Ra6 69. g6 Rxa2+ 70. Ke3 Rc2 71. Rc1 e1=Q+ 72. Rhxe1 Rg2
73. Rg1 1-0

[Event "Memorijal Danilo - Dajo Batricevic"]
[Site "Cetinje"]
[Date "2009.08.17"]
[Round "9.19"]
[White "Kraljevic, Ivan"]
[Black "Mijovic, Stefan"]
[Result "0-1"]
[WhiteElo "2130"]
[BlackElo "2325"]
[PlyCount "64"]
[EventDate "2009.08.09"]
[EventRounds "9"]

1. e4 c5 2. Nf3 e6 3. d4 cxd4 4. Nxd4 Nf6 5. Nc3 d6 6. Bd3 Nc6 7. Be3 Be7 8.
O-O O-O 9. h3 Nxd4 10. Bxd4 e5 11. Be3 Be6 12. Qf3 a6 13. a4 Rc8 14. Rfd1 Nd7
15. Nd5 Bg5 16. b4 g6 17. c4 Bxd5 18. cxd5 Bxe3 19. Qxe3 f5 20. exf5 gxf5 21.
Rac1 e4 22. Rxc8 Qxc8 23. Qg5+ Kh8 24. Rc1 Qd8 25. Qxd8 Rxd8 26. Bb1 Nb6 27. f3
Re8 28. fxe4 fxe4 29. Rc7 Nxd5 30. Rxb7 e3 31. Kf1 e2+ 32. Ke1 Nf4 0-1

[Event "Memorijal Danilo - Dajo Batricevic"]
[Site "Cetinje"]
[Date "2009.08.17"]
[Round "9.20"]
[White "Draganic, Veljko"]
[Black "Vukcevic, Nemanja"]
[Result "1-0"]
[WhiteElo "2278"]
[BlackElo "1996"]
[PlyCount "111"]
[EventDate "2009.08.09"]
[EventRounds "9"]

1. d4 Nf6 2. c4 g6 3. Nc3 d5 4. cxd5 Nxd5 5. e4 Nxc3 6. bxc3 Bg7 7. Nf3 c5 8.
Be3 Qa5 9. Qd2 Nc6 10. Rc1 cxd4 11. cxd4 Qxd2+ 12. Kxd2 O-O 13. d5 Rd8 14. Ke1
Na5 15. Bb5 f5 16. Bd2 b6 17. Bxa5 bxa5 18. e5 Rb8 19. Bc4 Kf8 20. h4 Bb7 21.
Ke2 Bxd5 22. Bxd5 Rxd5 23. Rhd1 Rdb5 24. Kf1 Bxe5 25. a4 Bb2 26. axb5 Bxc1 27.
Rxc1 Rxb5 28. Nd4 Rb4 29. Ne6+ Kf7 30. Ng5+ Kg7 31. g3 h6 32. Ne6+ Kf7 33. Nd8+
Kg7 34. Nc6 Ra4 35. Nxe7 f4 36. Kg2 fxg3 37. fxg3 g5 38. hxg5 hxg5 39. Kh3 Kf6
40. Nc6 Ra2 41. Rc5 a4 42. Ra5 Kg6 43. Nxa7 Kh5 44. Nc6 a3 45. Nb4 Rb2 46. Nd3
Rd2 47. Nf4+ Kh6 48. Ra6+ Kh7 49. Ne6 a2 50. Nxg5+ Kg7 51. Ne4 Rc2 52. Kg4 Rh2
53. Nc3 Rh6 54. Ra7+ Kh8 55. Nxa2 Rg6+ 56. Kh4 1-0

[Event "Memorijal Danilo - Dajo Batricevic"]
[Site "Cetinje"]
[Date "2009.08.17"]
[Round "9.21"]
[White "Padurariu, Ioana-Smaranda"]
[Black "Jovancevic, Jovan"]
[Result "1/2-1/2"]
[WhiteElo "2238"]
[BlackElo "1887"]
[PlyCount "94"]
[EventDate "2009.08.09"]
[EventRounds "9"]

1. e4 c5 2. Nc3 d6 3. f4 Nc6 4. Nf3 Nf6 5. Bb5 g6 6. Bxc6+ bxc6 7. O-O Bg7 8.
d3 O-O 9. h3 Qb6 10. e5 Nd5 11. Ne4 Qc7 12. c4 Nb6 13. exd6 exd6 14. Rb1 Re8
15. b3 Bf5 16. Ng3 Qd7 17. Kh2 Bf6 18. Bb2 Bxb2 19. Rxb2 Qe7 20. Nxf5 gxf5 21.
g3 Qf6 22. Rd2 Rad8 23. d4 Nd7 24. Qc2 Re4 25. d5 cxd5 26. Rxd5 Rde8 27. Rf2
Nb6 28. Rdd2 h6 29. Qd3 R8e6 30. Nh4 Kg7 31. Qf3 Nc8 32. Qh5 Ne7 33. Rd1 Re3
34. Rg1 Kf8 35. g4 Qc3 36. Nxf5 Nxf5 37. gxf5 Rf6 38. Rgg2 Qd3 39. Rd2 Qxf5 40.
Qxf5 Rxf5 41. Rxd6 Rh5 42. Rg3 Re2+ 43. Kg1 Rxa2 44. Rf3 Ke7 45. Rc6 Kd7 46.
Rf6 Ke7 47. Rc6 Kd7 1/2-1/2

[Event "Memorijal Danilo - Dajo Batricevic"]
[Site "Cetinje"]
[Date "2009.08.17"]
[Round "9.22"]
[White "Stamatovic, Vladimir"]
[Black "Brajovic, Radovan"]
[Result "0-1"]
[WhiteElo "1908"]
[BlackElo "2245"]
[PlyCount "46"]
[EventDate "2009.08.09"]
[EventRounds "9"]

1. d4 Nf6 2. c4 e6 3. Nf3 b6 4. a3 Bb7 5. Nc3 d5 6. b3 Be7 7. Bb2 O-O 8. e3 c5
9. dxc5 bxc5 10. Qc2 Nc6 11. Rd1 Qa5 12. cxd5 exd5 13. Be2 Rfd8 14. O-O Rac8
15. Qf5 g6 16. Qh3 d4 17. Nb1 Qb6 18. b4 Rd5 19. Nfd2 cxb4 20. exd4 Nxd4 21.
Bc4 Rh5 22. Qe3 Bc5 23. axb4 Nf3+ 0-1

[Event "Memorijal Danilo - Dajo Batricevic"]
[Site "Cetinje"]
[Date "2009.08.17"]
[Round "9.25"]
[White "Pobor, Nebojsa"]
[Black "Ljubisa, Mitar"]
[Result "1-0"]
[WhiteElo "2069"]
[BlackElo "1964"]
[PlyCount "67"]
[EventDate "2009.08.09"]
[EventRounds "9"]

1. d4 d5 2. c4 e6 3. Nf3 Be7 4. Nc3 Nf6 5. e3 O-O 6. Bd3 b6 7. O-O Bb7 8. b3
Ne4 9. Bb2 Nd7 10. Nd2 f5 11. f3 Nxc3 12. Bxc3 c5 13. cxd5 exd5 14. Qc2 g6 15.
e4 dxe4 16. fxe4 Rc8 17. Bc4+ Kg7 18. exf5 Bf6 19. dxc5 g5 20. Nf3 Bxf3 21.
Rxf3 Nxc5 22. Rd1 Qe7 23. Re1 Qc7 24. Rfe3 Nd7 25. Qb2 Qc5 26. Kh1 b5 27. Re7+
Kh8 28. Rxd7 Qxf5 29. Ree7 bxc4 30. Rxh7+ Qxh7 31. Bxf6+ Kg8 32. Rxh7 Kxh7 33.
Qc2+ Kh6 34. Qf5 1-0

[Event "Memorijal Danilo - Dajo Batricevic"]
[Site "Cetinje"]
[Date "2009.08.17"]
[Round "9.26"]
[White "Lekic, Lazar"]
[Black "Ashiku, Franc"]
[Result "1-0"]
[WhiteElo "1755"]
[BlackElo "2041"]
[PlyCount "81"]
[EventDate "2009.08.09"]
[EventRounds "9"]

1. e4 c5 2. Nf3 Nc6 3. d4 cxd4 4. Nxd4 Nf6 5. Nc3 e5 6. Ndb5 d6 7. Bg5 a6 8.
Na3 b5 9. Nd5 Be7 10. Bxf6 Bxf6 11. c4 b4 12. Nc2 Rb8 13. b3 Bg5 14. g3 O-O 15.
h4 Bh6 16. Bh3 Be6 17. Kf1 Qd7 18. Kg2 Kh8 19. Qd3 a5 20. Rad1 Rbd8 21. Nde3
Bxe3 22. Nxe3 Nd4 23. Nc2 Nxc2 24. Qxc2 Qc6 25. f3 Ra8 26. Bxe6 fxe6 27. Rd3
Ra7 28. Qd2 Rd8 29. Rd1 Ra6 30. Qg5 Qc7 31. Qxe5 Qd7 32. c5 dxe5 33. Rxd7 Rxd7
34. Rxd7 Kg8 35. Rd6 Rxd6 36. cxd6 Kf8 37. f4 h5 38. fxe5 Ke8 39. Kf2 Kd7 40.
Ke3 Kc6 41. Kf4 1-0

[Event "Memorijal Danilo - Dajo Batricevic"]
[Site "Cetinje"]
[Date "2009.08.17"]
[Round "9.27"]
[White "Potpara, Nikola"]
[Black "Jefic, Srdjan"]
[Result "1-0"]
[WhiteElo "1838"]
[BlackElo "2108"]
[PlyCount "85"]
[EventDate "2009.08.09"]
[EventRounds "9"]

1. d4 d5 2. c4 c6 3. Nf3 Nf6 4. Nc3 dxc4 5. e4 b5 6. e5 Nd5 7. a4 b4 8. Ne4 Ba6
9. e6 fxe6 10. Ne5 Nf6 11. Nc5 Qc8 12. Nxa6 Nxa6 13. Bxc4 Nc7 14. O-O g6 15.
Nxc6 Qb7 16. Ne5 Bg7 17. Qb3 Qb6 18. Be3 O-O 19. Rac1 Rac8 20. a5 Qd6 21. Be2
Ncd5 22. Rxc8 Rxc8 23. Rc1 Rxc1+ 24. Bxc1 Qc7 25. Qc4 Ne8 26. Qxc7 Nexc7 27.
Nc6 a6 28. Be3 Kf7 29. Nb8 e5 30. dxe5 Bxe5 31. Bc1 Ke6 32. Nxa6 Nxa6 33. Bxa6
Bc7 34. Bc8+ Kd6 35. a6 Bb6 36. Bb7 Nc7 37. Kf1 Nb5 38. Ke2 b3 39. Be3 Bxe3 40.
Kxe3 e5 41. Ke4 h6 42. Bd5 h5 43. Bxb3 1-0

[Event "Memorijal Danilo - Dajo Batricevic"]
[Site "Cetinje"]
[Date "2009.08.17"]
[Round "9.28"]
[White "Rasovic, Uros"]
[Black "Dedic, Slavko"]
[Result "1-0"]
[WhiteElo "1939"]
[BlackElo "1989"]
[PlyCount "91"]
[EventDate "2009.08.09"]
[EventRounds "9"]

1. d4 d5 2. c4 Bf5 3. cxd5 Bxb1 4. Rxb1 Qxd5 5. b3 Nc6 6. e3 e5 7. dxe5 Bb4+ 8.
Bd2 Rd8 9. Bxb4 Nxb4 10. Qxd5 Rxd5 11. f4 Ra5 12. a4 Nd5 13. b4 Nc3 14. Rb3
Rxa4 15. Rxc3 Rxb4 16. Rxc7 Rb1+ 17. Kf2 Ne7 18. Bd3 Rb2+ 19. Ne2 Nc6 20. Rc8+
Nd8 21. Rb1 Rxb1 22. Bxb1 O-O 23. Rb8 Re8 24. Be4 Kf8 25. Bxb7 Ne6 26. Rxe8+
Kxe8 27. Nd4 Nc5 28. Bc6+ Kd8 29. Bd5 Ke7 30. Nc6+ Ke8 31. Nxa7 g6 32. e4 g5
33. g3 g4 34. Nb5 Nd3+ 35. Ke2 Nc5 36. Nd6+ Kf8 37. Nxf7 h5 38. e6 Ke7 39. e5
Na4 40. Bc4 Nb6 41. Kd3 Na4 42. Kd4 Nb2 43. f5 Nd1 44. f6+ Ke8 45. Nd6+ Kf8 46.
e7# 1-0

[Event "Memorijal Danilo - Dajo Batricevic"]
[Site "Cetinje"]
[Date "2009.08.17"]
[Round "9.30"]
[White "Draskovic, Davor"]
[Black "Batricevic, Bozo"]
[Result "1-0"]
[WhiteElo "1702"]
[BlackElo "1772"]
[PlyCount "91"]
[EventDate "2009.08.09"]
[EventRounds "9"]

1. e4 e5 2. Nf3 Nc6 3. d4 exd4 4. Nxd4 Nf6 5. Nxc6 bxc6 6. e5 Qe7 7. Qe2 Nd5 8.
c4 Nb6 9. Nc3 d6 10. Bf4 dxe5 11. Qxe5 Qxe5+ 12. Bxe5 Be6 13. O-O-O Rc8 14. b3
Nd7 15. Bd4 c5 16. Be3 Be7 17. Be2 O-O 18. Ne4 f5 19. Ng5 Bxg5 20. Bxg5 h6 21.
Bd2 f4 22. Bc3 g5 23. h3 Nf6 24. Bf3 Bf5 25. Rhe1 Kf7 26. Re5 Kg6 27. Rxc5 g4
28. hxg4 Bxg4 29. Bxg4 Nxg4 30. Rc6+ Nf6 31. Rh1 Rf7 32. Bxf6 Rxf6 33. Rxh6+
Kxh6 34. Rxf6+ Kg5 35. Rf7 Re8 36. Kd2 Rd8+ 37. Ke2 Kg4 38. Rxc7 Re8+ 39. Kd2
Rd8+ 40. Kc2 Re8 41. Rg7+ Kf5 42. Kd2 Rd8+ 43. Ke2 Re8+ 44. Kf3 Ke5 45. Rxa7
Rd8 46. Ra5+ 1-0

[Event "Memorijal Danilo - Dajo Batricevic"]
[Site "Cetinje"]
[Date "2009.08.17"]
[Round "9.33"]
[White "Delevic, Nina"]
[Black "Fugulyan, Grigore"]
[Result "0-1"]
[WhiteElo "1761"]
[BlackElo "2022"]
[PlyCount "70"]
[EventDate "2009.08.09"]
[EventRounds "9"]

1. d4 Nf6 2. c4 g6 3. Nc3 Bg7 4. e4 d6 5. Nf3 O-O 6. Be2 Nbd7 7. O-O e5 8. d5
Nc5 9. Nd2 a5 10. b3 Ne8 11. Bb2 f5 12. a3 Nf6 13. f3 Bh6 14. b4 Bxd2 15. Qxd2
Nb3 16. Qg5 Nxa1 17. Bxa1 axb4 18. axb4 Bd7 19. exf5 Bxf5 20. g4 Bd7 21. h4 Ne8
22. Qh6 Qf6 23. Ne4 Qg7 24. Qe3 Rf4 25. c5 Nf6 26. Ng5 Bxg4 27. Ne6 Bxe6 28.
dxe6 Qe7 29. cxd6 cxd6 30. Qc3 Rxh4 31. f4 Ne4 32. Qe3 Rxa1 33. Rxa1 Rxf4 34.
Ra8+ Kg7 35. Bd3 Qg5+ 0-1